Türkenmummereien auf Festen und Turnieren im östlichen Europa im 16. und 17. Jahrhundert

Titel: Türkenmummereien auf Festen und Turnieren im östlichen Europa im 16. und 17. Jahrhundert
Verfasser:
In: ˜Dasœ Bild des Feindes, (2013), Seite 321-335, 8 Abb.
alle Artikel anzeigen
Veröffentlicht: 2013
Format: Aufsatz
Sprache: Deutsch
Kein Bild verfügbar
X
alg: 39279104
001A    $01999:11-11-16 
001B    $01999:21-05-21 $t16:56:07.000 
001D    $01999:11-11-16 
001U    $0utf8 
001X    $00 
002@    $0Aox 
003@    $0392791048 
007A    $0392791048 $aHEB 
007T    $0Herdc0102221m 
010@    $ager 
011@    $a2013 
021A    $aTürkenmummereien auf Festen und Turnieren im östlichen Europa im 16. und 17. Jahrhundert 
028A    $aDmitrieva $dMarina 
031A    $h321-335, 8 Abb. $j2013 
039B    $aIn $8--Aau--. Das @Bild des Feindes. - Berlin : Mann, 2013. - 512 S.. - zahlr. Ill.. - ISBN 978-3-7861-2684-3 $x201300000000000679 $9320781607 
045F    $a390.094371 $eDDC23BSB 
045F/01 $a390 
045F/03 $g4371 
045F/03 $g437 
045F/03 $g438 

lok: 39279104 78

exp: 39279104 78 1 #EPN
201B/01 $026-11-17 $t01:16:06.000 
201U/01 $0utf8 
203@/01 $0788901214 
208@/01 $a11-11-16 $be 
209A/01 $a/ $f000 $x00 
220C/01 $aTitelaufnehmer: pg 
220C/01 $aHerkunft: HI Marburg 
244Z/01 $2Trx $#Kesk- ja Ida- Euroopa kontseptsioonid $#Vidurio Europos koncepcijos $#East-Central Europe $#Keletközépeurópa-eszmék $#Europa Środkowo-Wschodnia koncepcje $#Európa stredovýchodná koncepcie $#Evropa střední, východní část koncepce $#Mitteleuropa $#Osteuropakonzeptionen $#Europa Środkowa koncepcje $#Stredná Európa koncepcie $#Střední Europa koncepce $8--Trx--Ostmitteleuropakonzeptionen $x01 $9391364286 
244Z/01 $#Tschechien $#Tschechische Republik $#Tschechische Republik $#Tschechenland $#Tschechei Tschechien $#Česká Republika $#Czech Republic $#ČR $74303381-7 $8--Tg1--Tschechien $x02 $9086659812 
244Z/01 $2Trx $#Böhmen $#Bohemia $#Czechy $8--Trx--Čechy $x03 $9391188941 
244Z/01 $2Trx $#Poola $#Lenkija $#Polija $#Polen Land $#Poland $#Lengyelország $#Poľsko $#Polsko $8--Trx--Polska$gkraj $x04 $9391345966 
244Z/01 $aGeschichte 1500-1700 $x05 
244Z/01 $2Trx $#pidustused $#šventės $#Celebrations $#ünnepek $#uroczystości $#slávnosti, sviatky $#slavnosti $8--Trx--Feste $x06 $939136636X 
244Z/01 $2Trx $#suhted, kultuurilised $#santykiai, kultūriniai $#relationships, cultural $#kapcsolatok, kulturális $#stosunki kulturalne $#vzťahy kultúrne $#vztahy kulturní $#Kulturtransfer $8--Trx--Beziehungen, kulturelle $x07 $9391374184 
244Z/01 $2Trx $8--Trx--Einzelbeiträge $x08 $9391384570 
245Z/01 $a11.02 $x01 
247C/01 $82080>Marburg/Lahn, Herder-Institut, Forschungsbibliothek, Bibliographieportal $9336309341
LEADER 00000caa a22000002c 4500
001 392791048
003 DE-603
005 20210521165607.0
007 tu
008 161111s2013 xx |||| | u00||u|ger c
035 |a (DE-599)HEB392791048 
040 |a DE-603  |b ger  |c DE-603  |d DE-603 
041 |a ger 
082 0 4 |8 1\u  |a 390.094371  |q DE-101  |2 23/BSB 
085 |8 1\u  |b 390 
085 |8 1\u  |z 2  |s 4371 
085 |8 1\u  |z 2  |s 437 
085 |8 1\u  |z 2  |s 438 
100 1 |a Dmitrieva, Marina 
245 0 0 |a Türkenmummereien auf Festen und Turnieren im östlichen Europa im 16. und 17. Jahrhundert 
264 0 |c 2013 
773 0 8 |i In  |t ˜Dasœ Bild des Feindes  |d Berlin : Mann, 2013  |h 512 S., zahlr. Ill.  |z 9783786126843  |z 3786126844  |g (2013), Seite 321-335, 8 Abb.  |w (DE-603)320781607 
924 0 |9 2080  |a (DE-603)788901214  |b DE-2080  |c HES  |d d  |g /